Nêu cao bản lĩnh và trách nhiệm chính trị, năng lực chuyên môn, đạo đức nghề nghiệp, hoàn thành thắng lợi các mục tiêu, nhiệm vụ quan trọng của báo chí cách mạng /

সংরক্ষণ করুন:
গ্রন্থ-পঞ্জীর বিবরন
প্রধান লেখক: Trương Tấn Sang.
বিন্যাস: প্রবন্ধ
ভাষা:Vietnamese
বিষয়গুলি:
ট্যাগগুলো: ট্যাগ যুক্ত করুন
কোনো ট্যাগ নেই, প্রথমজন হিসাবে ট্যাগ করুন!
Thư viện lưu trữ: Thư viện Trường Đại học Đà Lạt
LEADER 00936nam a2200265 4500
001 DLU120132057
005 ##20120224
040 # # |a DLU  |b vie 
041 # # |a vie 
044 # # |a vn 
100 # # |a Trương Tấn Sang. 
245 # # |a Nêu cao bản lĩnh và trách nhiệm chính trị, năng lực chuyên môn, đạo đức nghề nghiệp, hoàn thành thắng lợi các mục tiêu, nhiệm vụ quan trọng của báo chí cách mạng /  |c Trương Tấn Sang. 
653 # # |a Đạo đức cách mạng 
653 # # |a Báo chí cách mạng 
653 # # |a Chuyên nghiệp 
773 # # |t Khoa học xã hội Việt Nam  |g Số 3(40), 2010, tr. 3-8 
920 # # |a Phòng Tạp chí -- Trung tâm Thông tin - Thư viện Trường Đại học Đà Lạt 
994 # # |a DLU 
900 # # |a True 
911 # # |a Nguyễn Thị Linh Chi 
925 # # |a G 
926 # # |a A 
927 # # |a BB 
980 # # |a Thư viện Trường Đại học Đà Lạt